| 000 | 00785nam2a22002291 4500 | ||
|---|---|---|---|
| 001 | v19\rc\2052969 | ||
| 005 | 20250620031439.0 | ||
| 035 | _a(NLR Aleph) 005146324 | ||
| 090 |
_a4855875 _c4855875 |
||
| 100 | _a20081111d1907 |||y0rusy50 ca | ||
| 101 | 1 |
_arus _cnor |
|
| 102 | _aRU | ||
| 105 | _ay z ||||| | ||
| 200 | 1 |
_aСвыше наших сил _eЧ. 2 |
|
| 210 |
_d[1907] _aБ. м. |
||
| 461 | 0 |
_1001v19\rc\2052961 _12001#$aУниверсальная библиотека$e№ 1$v№ 8 _94855799 _cМосква _d1907-1918 _n"Польза" В. Антик и К ° _o№ 1 _tУниверсальная библиотека _v№ 8 |
|
| 700 | 1 |
_aБьерсон _bБ. |
|
| 801 | 0 |
_aRU _bNLR _gpsbo |
|
| 801 | 1 |
_aRU _bProSoft-M _2rusmarc |
|
| 852 |
_aNLR _j37.35.11.1 |
||
| 942 | _cBOOK | ||
| 980 | _aNB | ||